000
00338nam a22001457a 4500
008
230414b ||||| |||| 00| 0 eng d
020
_a
9780495813637
041
_a
eng
080
_2
SEVENTH EDITION
_a
316
082
_a
316
100
_a
24
101
_a
SOCIO
245
_a
RESEARCH METHODS FOR SOCIAL WORK
_c
RUBIN.A
942
_2
udc
_c
BK
999
_c
59543
_d
59543